Historia de la belleza
Salvato in:
| Autore principale: | |
|---|---|
| Natura: | Libro |
| Lingua: | spagnolo |
| Pubblicazione: |
Santiago
Debolsillo
2010
|
| Edizione: | 1a. ed |
| Soggetti: | |
| Tags: |
Aggiungi Tag
Nessun Tag, puoi essere il primo ad aggiungerne!!
|
MARC
| LEADER | 00000cam a2200000 a 4500 | ||
|---|---|---|---|
| 001 | UCG6430 | ||
| 003 | CL-VaPUC | ||
| 008 | 110421e20101100CL |||||||||||||||||spa|d | ||
| 020 | |a 9788499087016 | ||
| 082 | 0 | 4 | |a 701.17 |b ECO |2 21 |
| 100 | 0 | |a Eco, Umberto |e author |9 556655 | |
| 245 | 1 | 0 | |a Historia de la belleza |
| 250 | |a 1a. ed | ||
| 300 | |a 437 p | ||
| 942 | |c BK | ||
| 945 | |d 20110421 00:00:00 |a jcampos | ||
| 260 | |a Santiago |b Debolsillo |c 2010 | ||
| 650 | 0 | |a Belleza |9 265712 | |
| 650 | 0 | |a Estética |9 264950 | |
| 650 | 0 | |a Verdad |9 313815 | |
| 650 | 0 | |a Filosofía del arte |9 264951 | |
| 650 | 0 | |a Creación artística |9 266215 | |
| 650 | 0 | |a Mujeres |9 257649 | |
| 650 | 0 | |a Historia |9 255047 | |
| 583 | |a last modification |c 20120403 02:01:29 |k Rodrigo Vera | ||
| 999 | |c 344678 |d 344676 | ||
| 952 | |0 0 |1 0 |4 0 |6 701_170000000000000_ECO_2010 |7 0 |8 A |9 442808 |a BIBHIS |b BIBEDU |d 2019-11-22 |i 4769260 |l 3 |o 701.17 ECO 2010 |p 4769260 |r 2025-01-20 |s 2023-01-11 |w 2019-11-22 |y BK |k HIS | ||
| 952 | |0 0 |1 0 |4 0 |6 701_170000000000000_ECO_2010 |7 0 |8 A |9 442809 |a BIBHIS |b BIBHIS |d 2019-11-22 |i 4854233 |l 4 |o 701.17 ECO 2010 |p 4854233 |r 2025-01-20 |s 2024-11-11 |w 2019-11-22 |y BK |k HIS | ||
| 952 | |0 0 |1 0 |3 erb |4 0 |6 701_170000000000000_ECO_2010 |7 0 |8 A |9 442810 |a BIBHIS |b BIBHIS |i 5116503 |l 1 |o 701.17 ECO 2010 |p 5116503 |r 2025-01-20 |s 2023-06-19 |w 2019-11-22 |y BK |z Catalogado en:20140925 |k HIS | ||
| 952 | |0 0 |1 0 |3 erb |4 0 |6 701_170000000000000_ECO_2010 |7 0 |8 A |9 442811 |a BIBCUR |b BIBCUR |i 5126983 |o 701.17 ECO 2010 |p 5126983 |r 2025-04-22 |w 2019-11-22 |y BK |z Catalogado en:20141127 |k PER | ||
| 952 | |0 0 |1 0 |3 erb |4 0 |6 701_170000000000000_ECO_2010 |7 0 |8 R |9 442812 |a BIBART |b BIBART |i 5194784 |l 12 |o 701.17 ECO 2010 |p 5194784 |r 2025-03-13 |s 2023-05-12 |w 2019-11-22 |y BK_R |z Catalogado en:20150820 |k ART | ||